La Eneida
Uloženo v:
| Hlavní autoři: | , |
|---|---|
| Médium: | Kniha |
| Jazyk: | španělština |
| Vydáno: |
Madrid
Edaf
2010
|
| Vydání: | 1a. ed |
| Témata: | |
| Tagy: |
Přidat tag
Žádné tagy, Buďte první, kdo vytvoří štítek k tomuto záznamu!
|
MARC
| LEADER | 00000cam a2200000 a 4500 | ||
|---|---|---|---|
| 001 | UCE2171 | ||
| 003 | CL-VaPUC | ||
| 008 | 140612e20100000sp |||||||||||||||||spa|d | ||
| 020 | |a 97884716641811 | ||
| 082 | 0 | 4 | |a 873 |b VIR |2 21 |
| 100 | 0 | |a Virgilio |e author |9 266332 | |
| 700 | 0 | |a Virgilio Marón, Publio |e author |9 266333 | |
| 245 | 1 | 3 | |a La Eneida |
| 250 | |a 1a. ed | ||
| 300 | |a 357 p | ||
| 942 | |c BK | ||
| 945 | |d 20140612 14:08:00 |a dcastane | ||
| 260 | |a Madrid |b Edaf |c 2010 | ||
| 650 | 0 | |a Poesía épica |9 269163 | |
| 650 | 0 | |a Literatura latina |9 258055 | |
| 583 | |a last modification |c 20140612 14:08:00 |k Rodrigo Vera | ||
| 999 | |c 355834 |d 355832 | ||
| 952 | |0 0 |1 0 |3 erb |4 0 |6 873_000000000000000_VIR_2010 |7 0 |8 R |9 462725 |a BIBHIS |b BIBHIS |i 5082870 |l 1 |o 873 VIR 2010 |p 5082870 |r 2024-01-30 |s 2021-08-23 |w 2019-11-23 |y BK_R |z Catalogado en:20140612 |k HIS | ||